Profit

Detalles Bibliográficos
Título anterior:Small business (Toronto, Ont.)
Formato: Electrónico Revista
Lenguaje:inglés
Publicado: [Toronto : CB Media], 1990-[2014?]
Materias:
Acceso en línea:Full text available from Research Library: 10/01/1991 to 12/31/2013

MARC

LEADER 00000nas a2200000 a 4500
001 ssj0004863
003 WaSeSS
005 20200512172242.0
006 m d
007 cr n
008 910913d1990201uoncmx p s 0 a0eng
010 |a cn 91032140  
015 |a 91032140X  |2 can 
016 |a (AMICUS)000010290300 
016 |a 91032140X 
022 |y 1183-1324 
035 |a (WaSeSS)ssj0004863 
037 |b Rogers Media, 11th fl., 1 Mount Pleasant Road, Toronto, ON M4Y 2Y5 
040 |a NLC  |b eng  |c NLC  |d OCLCO  |d OCLCF  |d NLC  |d RDF  |d WaSeSS 
042 |a nlc  |a isds/c 
043 |a n-cn--- 
055 0 1 |a HD62.7 
082 0 |a 338.6/42/0971  |2 20 
084 |a cci1icc  |2 lacc 
130 0 |a Profit (Toronto, Ont.) 
210 0 |a Profit  |b (Tor.) 
222 0 |a Profit  |b (Toronto) 
245 1 0 |a Profit  |h [electronic resource]. 
260 |a [Toronto :  |b CB Media],  |c 1990-[2014?] 
310 |a Nine times a year 
362 0 |a [Vol. 9, no. 11] (Nov. 1990)- 
500 |a Title from cover. 
500 |a "The magazine for Canadian entrepreneurs". --Cf. Nov. 1990. 
500 |a "Your guide to business success". --Cf. Dec. 2008/Jan. 2009. 
500 |a Published: Rogers Media, 200--. 
506 |a License restrictions may limit access. 
580 |a Includes: Made for men. 
580 |a Absorbed in part by: Canadian business (Toronto, Ont.), Feb. 2014. 
650 0 |a Small business  |z Canada  |x Periodicals. 
650 6 |a Petites et moyennes entreprises  |z Canada  |x Périodiques. 
650 7 |a Small business.  |2 fast  |0 (OCoLC)fst01121223 
651 7 |a Canada.  |2 fast  |0 (OCoLC)fst01204310 
655 0 |a Electronic journals. 
776 1 |t Profit (Toronto, Ont.)  |d [Toronto : Micromedia, 199-]-  |x 1183-1324  |w (OCoLC)1006789448 
780 0 0 |t Small business (Toronto, Ont.)  |d [Toronto : Financial Post, c1985]-1990.  |x 0833-2223  |w (CaOONL)860310914  |w (OCoLC)15996750  |w (DLC)cn 86031091 
787 1 |t Canadian business (Toronto, Ont.)  |d Toronto : CB Media, 1977-  |x 0008-3100  |y CABUAL  |w (CaOONL) 830310894  |w (OCoLC)10310521  |w (DLC)cn 83031089 
787 1 |t Made for men.  |d [Toronto] : Rogers Media  |w (OCoLC)1007767664 
856 4 0 |z Full text available from Research Library: 10/01/1991 to 12/31/2013  |u https://search.proquest.com/publication/30525